Estatuto Tributario 2017

Bibliographic Details
Main Author: Zuluaga Potes, Jorge Hernǹ
Format: eBook
Language:Spanish
Published: Bogot:̀ ECOE, 2017
Subjects:
Online Access:Acceso restringido

MARC

LEADER 00000nam a22000007a 4500
005 20170616014831.0
007 cr|||| ||||
008 170616s2017 co |||||s|||| 00||0 spa d
020 |a 978-958-771-452-4 
035 |a 20356 
040 |a vLex 
090 |c 6778  |d 6778 
100 1 |a Zuluaga Potes, Jorge Hernǹ 
245 1 0 |a Estatuto Tributario 2017  |h [Recurso electrn̤ico] /  |c Jorge Hernǹ Zuluaga Potes 
256 |a Servicio en ln̕ea 
260 |a Bogot:̀  |b ECOE,  |c 2017 
300 |a 1 recurso electrn̤ico 
500 |a Esta nueva edicin̤ conecta los dos pilares reglamentarios en materia tributaria en Colombia: el Estatuto Tributario (Decreto 624 de 1989) y el Decreto Único Reglamentario en materia tributaria (Decreto 1625 de 2016), ms̀ conocido como DURT, que unific ̤toda la reglamentacin̤ tributaria en Colombia. La primera parte contiene el Estatuto Tributario, concordado con el Decreto Único Reglamentario; y la segunda contiene el Decreto Único Reglamentario, concordado con el Estatuto Tributario. Los textos originales expedidos por el Gobierno se encuentran disponibles en el Sistema de Informacin̤ en Ln̕ea (SIL). 
506 1 |a Disponible solo en los productos indicados  |d vLex Global  |d vLex Global (Academic Edition, excluding Law Schools)  |d vLex Global (U.S. Academic Edition, Law Schools)  |d vLex Global (U.S. Academic Edition, excluding Law Schools)  |d vLex Global (Academic Edition, Law Schools) 
650 0 4 |a Derecho Tributario  |z Mx̌ico 
650 0 4 |a Derecho Fiscal  |z Mx̌ico 
740 0 |a vLex Libros (Servicio en ln̕ea) 
856 4 0 |u http://vlex.com/source/estatuto-tributario-2017-20356  |z Acceso restringido 
942 |c BOOK 
999 0 |a Tax Law 
999 0 |a Tax Law